[Event "CZE-chT2C 1617"]
[Site "Czech Republic"]
[Date "2017.04.02"]
[Round "11.2"]
[White "Munk, Petr"]
[Black "Priborsky, Jan"]
[Result "1-0"]
[WhiteElo "2133"]
[BlackElo "2335"]
[PlyCount "63"]
[EventDate "2016.10.09"]
[EventType "team-tourn"]
[EventRounds "11"]
[EventCountry "CZE"]
[SourceTitle "EXT 2022"]
[Source "ChessBase"]
[SourceDate "2021.10.06"]
[SourceVersion "1"]
[SourceVersionDate "2021.10.06"]
[SourceQuality "1"]
[WhiteTeam "Lysa nad Labem IV"]
[BlackTeam "Prachatice"]
[WhiteTeamCountry "CZE"]
[BlackTeamCountry "CZE"]

1. e4 c5 2. c4 Nc6 3. Ne2 Nf6 4. Nbc3 Qb6 5. d3 g6 6. g3 Bg7 7. Bg2 0-0 8. 0-0 d6 9. Rb1 Bg4 10. h3 Bd7 11. Be3 a5 12. d4 cxd4 13. Nxd4 Nxd4 14. Bxd4 Qb4 15. b3 a4 16. Bxf6 exf6 17. Nd5 Qc5 18. b4 Qa7 19. Ne7+ Kh8 20. Qxd6 Rfd8 21. Rfd1 h5 22. Qc7 b5 23. Qxa7 Rxa7 24. Nc6 Bxc6 25. Rxd8+ Kh7 26. cxb5 Bxb5 27. Rb8 Bc4 28. a3 h4 29. b5 hxg3 30. fxg3 Ba2 31. b6 Rd7 32. Re1 1-0

[Event "Landesliga Nord 1617"]
[Site "Bayern"]
[Date "2016.10.16"]
[Round "1.1"]
[White "Priborsky, Jan"]
[Black "Reis, Gerhard"]
[Result "1-0"]
[WhiteElo "2251"]
[BlackElo "2181"]
[PlyCount "103"]
[EventDate "2016.10.16"]
[EventType "team-tourn"]
[EventRounds "9"]
[EventCountry "GER"]
[SourceTitle "EXT 2019"]
[Source "ChessBase"]
[SourceDate "2018.10.10"]
[SourceVersion "1"]
[SourceVersionDate "2018.10.10"]
[SourceQuality "1"]
[WhiteTeam "Bad Koetzting"]
[BlackTeam "Nuernberg Sued SW"]
[WhiteTeamCountry "GER"]
[BlackTeamCountry "GER"]

1. Nf3 Nf6 2. g3 d5 3. Bg2 c6 4. 0-0 Bf5 5. d3 h6 6. c4 e6 7. Qb3 Qb6 8. Be3 Qxb3 9. axb3 a6 10. Bd2 Nbd7 11. b4 Rc8 12. b5 axb5 13. cxb5 Bc5 14. bxc6 bxc6 15. Rc1 0-0 16. b4 Bb6 17. Nc3 c5 18. Na4 cxb4 19. Nxb6 Nxb6 20. Bxb4 Rxc1+ 21. Rxc1 Rc8 22. Rb1 Nbd7 23. Be7 Re8 24. Bd6 e5 25. h3 g5 26. Rb7 Kg7 27. g4 Bh7 28. Nd2 Re6 29. Ba3 Rb6 30. Ra7 Nf8 31. Be7 N8d7 32. Bxd5 Nxd5 33. Rxd7 Nxe7 34. Rxe7 Rb2 35. Nc4 Rxe2 36. Nxe5 Bxd3 37. Rxf7+ Kg8 38. Re7 Kf8 39. Ng6+ Kg8 40. Rxe2 Bxe2 41. Ne7+ Kf7 42. Nf5 Kg6 43. Kg2 Bd3 44. Ng3 Kf6 45. Kf3 Ke5 46. Ke3 Bb5 47. Nf5 Bf1 48. h4 h5 49. Ng3 Bh3 50. gxh5 gxh4 51. h6 Kf6 52. Nh5+ 1-0

[Event "Landesliga Nord 1516"]
[Site "Bayern"]
[Date "2016.01.17"]
[Round "5.1"]
[White "Ostermeyer, Peter"]
[Black "Priborsky, Jan"]
[Result "1-0"]
[WhiteElo "2307"]
[BlackElo "2251"]
[PlyCount "49"]
[EventDate "2015.10.11"]
[EventType "team-tourn"]
[EventRounds "9"]
[EventCountry "GER"]
[SourceTitle "EXT 2018"]
[Source "ChessBase"]
[SourceDate "2017.10.13"]
[SourceVersion "1"]
[SourceVersionDate "2017.10.13"]
[SourceQuality "1"]
[WhiteTeam "Rottendorf"]
[BlackTeam "Bad Koetzting"]
[WhiteTeamCountry "GER"]
[BlackTeamCountry "GER"]

1. e4 c5 2. Nf3 e6 3. b3 b6 4. d4 cxd4 5. Nxd4 Qf6 6. c3 a6 7. Be2 Bb7 8. Nd2 Bc5 9. 0-0 Bxd4 10. cxd4 Qxd4 11. Rb1 f6 12. Bb2 Qd6 13. Nc4 Qc7 14. Nd6+ Kf8 15. Ba3 Ne7 16. f4 Nbc6 17. Rc1 g6 18. f5 Kg7 19. e5 Nd5 20. fxe6 dxe6 21. exf6+ Nxf6 22. Rxf6 Kxf6 23. Qf1+ Kg7 24. Bb2+ Kg8 25. Qf6 1-0

[Event "Landesliga Nord 1415"]
[Site "Bayern"]
[Date "2015.04.12"]
[Round "9.1"]
[White "Priborsky, Jan"]
[Black "Golda, Harald"]
[Result "0-1"]
[WhiteElo "2251"]
[BlackElo "2221"]
[PlyCount "144"]
[EventDate "2014.10.19"]
[EventType "team-tourn"]
[EventRounds "9"]
[EventCountry "GER"]
[SourceTitle "EXT 2018"]
[Source "ChessBase"]
[SourceDate "2017.10.13"]
[SourceVersion "1"]
[SourceVersionDate "2017.10.13"]
[SourceQuality "1"]
[WhiteTeam "Bad Koetzting"]
[BlackTeam "Schweinfurt"]
[WhiteTeamCountry "GER"]
[BlackTeamCountry "GER"]

1. Nf3 Nf6 2. g3 g6 3. Bg2 Bg7 4. 0-0 c5 5. d3 0-0 6. e4 d6 7. Nc3 Nc6 8. Be3 Ng4 9. Bd2 Nge5 10. Ne1 Nd4 11. a4 Bg4 12. f3 Bd7 13. Nd5 e6 14. Ne3 f5 15. f4 Nf7 16. exf5 gxf5 17. c3 Nc6 18. Nf3 Qc7 19. Be1 a6 20. Bf2 b5 21. axb5 axb5 22. Rxa8 Rxa8 23. d4 cxd4 24. Nxd4 Bxd4 25. cxd4 d5 26. Qh5 Ne7 27. g4 Qxf4 28. gxf5 Nxf5 29. Ng4 N7h6 30. Ne3 Ra2 31. Nd1 Qg4 32. Qxg4+ Nxg4 33. Be1 Ngh6 34. Bb4 Nf7 35. Rf4 Ra1 36. Bf3 Nh8 37. Kf2 Ng6 38. Rg4 Kf7 39. Ne3 Rb1 40. Nd1 Ngh4 41. Be2 Ng6 42. Ba3 b4 43. Bxb4 Ba4 44. Nc3 Rxb2 45. Bc5 Bb3 46. Kf3 Rc2 47. Nb5 Rxe2 48. Kxe2 Bc4+ 49. Kf2 Bxb5 50. Rg1 Nf4 51. Rb1 Bc4 52. Rb7+ Kg6 53. Rb8 Ne2 54. Rg8+ Kf7 55. Rg4 Kf6 56. Bb6 h5 57. Bd8+ Kf7 58. Rg5 h4 59. Rg4 Nexd4 60. Bxh4 Be2 61. Rf4 e5 62. Rxd4 Nxd4 63. Bg3 Kg6 64. h4 Bh5 65. Ke1 Kf5 66. Kf2 e4 67. Ke3 Ne6 68. Bd6 d4+ 69. Kf2 e3+ 70. Ke1 d3 71. Bb4 Nf4 72. Bc3 Be2 0-1

[Event "Landesliga Nord 1415"]
[Site "Bayern"]
[Date "2015.02.22"]
[Round "7.1"]
[White "Priborsky, Jan"]
[Black "Posske, Thore"]
[Result "0-1"]
[WhiteElo "2251"]
[BlackElo "2099"]
[PlyCount "60"]
[EventDate "2014.10.19"]
[EventType "team-tourn"]
[EventRounds "9"]
[EventCountry "GER"]
[SourceTitle "EXT 2018"]
[Source "ChessBase"]
[SourceDate "2017.10.13"]
[SourceVersion "1"]
[SourceVersionDate "2017.10.13"]
[SourceQuality "1"]
[WhiteTeam "Bad Koetzting"]
[BlackTeam "Wuerzburg"]
[WhiteTeamCountry "GER"]
[BlackTeamCountry "GER"]

1. Nf3 c6 2. g3 d5 3. Bg2 Nf6 4. 0-0 e6 5. d3 Be7 6. Nbd2 0-0 7. e4 b6 8. e5 Nfd7 9. Re1 c5 10. Nf1 Nc6 11. g4 Qc7 12. Bf4 f6 13. exf6 Qxf4 14. fxe7 Nxe7 15. Rxe6 Ng6 16. Re1 Nf6 17. g5 Nh5 18. Qd2 Qd6 19. d4 Nhf4 20. Ne5 Nh4 21. dxc5 bxc5 22. Nc4 Qd8 23. Red1 Nhxg2 24. Nce3 Qxg5 25. Ng3 Nxe3 26. fxe3 Nh3+ 27. Kh1 Nf2+ 28. Kg1 Nxd1 29. Rxd1 d4 30. exd4 Qxd2 0-1

[Event "AUT-chT2M 1314"]
[Site "Austria"]
[Date "2014.03.22"]
[Round "7.2"]
[White "Priborsky, Jan"]
[Black "Pilaj, Herwig"]
[Result "1/2-1/2"]
[WhiteElo "2357"]
[BlackElo "2355"]
[PlyCount "105"]
[EventDate "2013.10.04"]
[EventType "team-tourn"]
[EventRounds "11"]
[EventCountry "AUT"]
[SourceTitle "EXT 2015"]
[Source "ChessBase"]
[SourceDate "2014.11.20"]
[SourceVersion "1"]
[SourceVersionDate "2014.11.20"]
[SourceQuality "1"]
[WhiteTeam "Steyregg"]
[BlackTeam "Graz Styria"]
[WhiteTeamCountry "AUT"]
[BlackTeamCountry "AUT"]

1. e4 c5 2. Nf3 Nc6 3. d4 cxd4 4. Nxd4 g6 5. c4 Bg7 6. Be3 Nf6 7. Nc3 Ng4 8. Qxg4 Nxd4 9. Qd1 Ne6 10. Qd2 b6 11. Be2 Bb7 12. 0-0 Nc5 13. f3 a5 14. b3 0-0 15. Rac1 e6 16. Rfd1 Be5 17. Bg5 Qb8 18. h3 f5 19. exf5 Rxf5 20. Nb5 Rxg5 21. Qxg5 Bf4 22. Qf6 Bc6 23. Nd4 Qc7 24. Nxc6 dxc6 25. Rc2 Be3+ 26. Kh1 Qg3 27. Rd8+ Rxd8 28. Qxd8+ Kf7 29. Qd1 Bf4 30. Qg1 g5 31. Bf1 e5 32. Rb2 Ne6 33. c5 Nxc5 34. b4 axb4 35. Rxb4 Nd7 36. Rc4 c5 37. Ra4 Nf6 38. Ra6 e4 39. Rxb6 Ke7 40. Qxc5+ Kf7 41. Qg1 e3 42. Rb3 Kf8 43. Rxe3 Ng4 44. fxg4 Bxe3 45. Qh2 Qf2 46. Qd6+ Kg7 47. Qe7+ Kh6 48. Qd6+ Kg7 49. Qc7+ Kh6 50. Qd6+ Kg7 51. Qe7+ Kh6 52. Qe6+ Kg7 53. Qe7+ 1/2-1/2

[Event "Regionalliga NO 1314"]
[Site "Bayern"]
[Date "2014.02.09"]
[Round "6.1"]
[White "Hilge, Andreas"]
[Black "Priborsky, Jan"]
[Result "1/2-1/2"]
[WhiteElo "2131"]
[BlackElo "2331"]
[PlyCount "54"]
[EventDate "2013.10.13"]
[EventType "team-tourn"]
[EventRounds "9"]
[EventCountry "GER"]
[SourceTitle "EXT 2015"]
[Source "ChessBase"]
[SourceDate "2014.11.20"]
[SourceVersion "1"]
[SourceVersionDate "2014.11.20"]
[SourceQuality "1"]
[WhiteTeam "Kareth Lappersdorf II"]
[BlackTeam "Bad Koetzting"]
[WhiteTeamCountry "GER"]
[BlackTeamCountry "GER"]

1. e4 g6 2. Nc3 Bg7 3. g3 c5 4. d3 Nc6 5. Be3 d6 6. Qd2 Rb8 7. Bg2 b5 8. Nf3 b4 9. Nd1 Nd4 10. 0-0 Nxf3+ 11. Bxf3 Nf6 12. Bh6 0-0 13. a3 a5 14. axb4 axb4 15. Ra7 Nd7 16. Bxg7 Kxg7 17. Ne3 Ne5 18. Bg2 Nc6 19. Ra4 Nd4 20. b3 Bh3 21. f4 Bxg2 22. Kxg2 Ra8 23. Rxa8 Qxa8 24. f5 f6 25. h4 gxf5 26. Nxf5+ Nxf5 27. Rxf5 Rg8 1/2-1/2

[Event "Regionalliga NO 1314"]
[Site "Bayern"]
[Date "2013.12.15"]
[Round "4.1"]
[White "Burggraf, Michael"]
[Black "Priborsky, Jan"]
[Result "1-0"]
[WhiteElo "2160"]
[BlackElo "2331"]
[PlyCount "87"]
[EventDate "2013.10.13"]
[EventType "team-tourn"]
[EventRounds "9"]
[EventCountry "GER"]
[SourceTitle "EXT 2015"]
[Source "ChessBase"]
[SourceDate "2014.11.20"]
[SourceVersion "1"]
[SourceVersionDate "2014.11.20"]
[SourceQuality "1"]
[WhiteTeam "Forchheim II"]
[BlackTeam "Bad Koetzting"]
[WhiteTeamCountry "GER"]
[BlackTeamCountry "GER"]

1. e4 c5 2. Nc3 Nc6 3. g3 g6 4. Bg2 Bg7 5. d3 e6 6. Be3 d6 7. Qd2 Rb8 8. f4 Nge7 9. Nf3 Nd4 10. 0-0 0-0 11. Nh4 b5 12. Nd1 f5 13. c3 Ndc6 14. a3 c4 15. exf5 gxf5 16. Nf2 Qc7 17. Rad1 Na5 18. Nf3 Nd5 19. Nd4 Nf6 20. Qe2 e5 21. fxe5 dxe5 22. Nc2 Bb7 23. Bxb7 Rxb7 24. d4 f4 25. gxf4 exf4 26. Bd2 Nb3 27. Qf3 Qf7 28. Kh1 Rb6 29. Rg1 Kh8 30. Rg2 Nd5 31. Be1 Rg6 32. Ng4 Qf5 33. Nb4 Nf6 34. Nxf6 Rxg2 35. Qxg2 f3 36. Qg4 Qxf6 37. Bh4 Qh6 38. Rf1 Nd2 39. Rf2 Re8 40. Nc2 Ne4 41. Rxf3 Qd2 42. Rf7 Bf6 43. Bxf6+ Nxf6 44. Qg7# 1-0

[Event "Regionalliga NO 1314"]
[Site "Bayern"]
[Date "2013.11.24"]
[Round "3.1"]
[White "Priborsky, Jan"]
[Black "Laubert, Johannes"]
[Result "1-0"]
[WhiteElo "2331"]
[BlackElo "2137"]
[PlyCount "47"]
[EventDate "2013.10.13"]
[EventType "team-tourn"]
[EventRounds "9"]
[EventCountry "GER"]
[SourceTitle "EXT 2015"]
[Source "ChessBase"]
[SourceDate "2014.11.20"]
[SourceVersion "1"]
[SourceVersionDate "2014.11.20"]
[SourceQuality "1"]
[WhiteTeam "Bad Koetzting"]
[BlackTeam "Windischeschenbach"]
[WhiteTeamCountry "GER"]
[BlackTeamCountry "GER"]

1. g3 Nf6 2. Bg2 d5 3. d3 e5 4. Nf3 Nc6 5. 0-0 Be7 6. c3 a5 7. a4 0-0 8. Qc2 Bf5 9. Nh4 Be6 10. Nd2 d4 11. Nhf3 Nd5 12. Nc4 Bf6 13. e4 dxe3 14. Nxe3 Qd7 15. Re1 Rfe8 16. Nc4 Bf5 17. Nfd2 Rad8 18. Ne4 Be7 19. Qb3 b6 20. Qb5 f6 21. Ned6 Ncb4 22. Qxd7 Rxd7 23. cxb4 Nxb4 24. Nxf5 1-0

[Event "CZE-chT1W 1213"]
[Site "Czech Republic"]
[Date "2013.04.07"]
[Round "10.8"]
[White "Priborsky, Jan"]
[Black "Hess, Pavel"]
[Result "1-0"]
[WhiteElo "2351"]
[BlackElo "1894"]
[PlyCount "117"]
[EventDate "2012.10.28"]
[EventType "team-tourn"]
[EventRounds "11"]
[EventCountry "CZE"]
[SourceTitle "EXT 2014"]
[Source "ChessBase"]
[SourceDate "2013.11.20"]
[SourceVersion "1"]
[SourceVersionDate "2013.11.20"]
[SourceQuality "1"]
[WhiteTeam "Postovni sporitelna"]
[BlackTeam "Ceske Budejovice"]
[WhiteTeamCountry "CZE"]
[BlackTeamCountry "CZE"]

1. Nf3 c5 2. g3 Nc6 3. Bg2 Nf6 4. 0-0 g6 5. c4 Bg7 6. d4 cxd4 7. Nxd4 0-0 8. Nc3 Nxd4 9. Qxd4 d6 10. Qh4 Qc7 11. Bg5 Be6 12. Nd5 Nxd5 13. cxd5 Bd7 14. Bxe7 Rfe8 15. Rac1 Qb6 16. e3 Bb5 17. Rfd1 Rac8 18. Rxc8 Rxc8 19. Qb4 Rc2 20. Qxd6 Qxd6 21. Bxd6 Bxb2 22. Bb8 Bf6 23. d6 Bd7 24. Bd5 a6 25. Bb3 Rc8 26. Bc7 Bc6 27. a4 Kf8 28. Bb6 Bd8 29. d7 Ra8 30. Bc5+ Kg7 31. g4 Bf6 32. Bb6 Bd8 33. Bd4+ Kf8 34. Bc5+ Kg7 35. f4 h6 36. f5 gxf5 37. gxf5 Kf6 38. Rd6+ Kxf5 39. Bxf7 Bc7 40. Rd2 Bxa4 41. Be7 Bd8 42. Rd5+ Ke4 43. Bc5 Bc6 44. Rd6 Bg5 45. h4 Bxe3+ 46. Bxe3 Bxd7 47. Bxh6 Bc6 48. h5 Kf5 49. Bg7 Kg5 50. h6 Be4 51. Rd4 Bh7 52. Rd5+ Kf4 53. Rd4+ Kg5 54. Kf2 Rc8 55. Rd6 Rc2+ 56. Ke3 Rc8 57. Rd5+ Kh4 58. Bf6+ Kg3 59. Rg5+ 1-0

[Event "Regionalliga NO 1213"]
[Site "Bayern"]
[Date "2013.02.24"]
[Round "7.1"]
[White "Roesch, Gerald"]
[Black "Priborsky, Jan"]
[Result "1/2-1/2"]
[WhiteElo "1981"]
[BlackElo "2351"]
[PlyCount "82"]
[EventDate "2012.10.14"]
[EventType "team-tourn"]
[EventRounds "9"]
[EventCountry "GER"]
[SourceTitle "EXT 2015"]
[Source "ChessBase"]
[SourceDate "2014.11.20"]
[SourceVersion "1"]
[SourceVersionDate "2014.11.20"]
[SourceQuality "1"]
[WhiteTeam "Amberg Siemens"]
[BlackTeam "Bad Koetzting"]
[WhiteTeamCountry "GER"]
[BlackTeamCountry "GER"]

1. e4 c5 2. Nc3 Nc6 3. g3 g6 4. Bg2 Bg7 5. f4 e6 6. Nf3 Nge7 7. 0-0 0-0 8. Nh4 d6 9. Ne2 f5 10. d3 b5 11. c3 a5 12. Be3 b4 13. Qd2 Ba6 14. Rfe1 Qb6 15. Rad1 a4 16. exf5 exf5 17. cxb4 Qxb4 18. Qxb4 cxb4 19. d4 Rac8 20. d5 Na5 21. Bd4 Bc4 22. Bxg7 Kxg7 23. Nd4 Rfe8 24. a3 bxa3 25. bxa3 Kf7 26. Nhf3 h6 27. Nd2 Ba6 28. Rb1 Rc5 29. Rb4 Nxd5 30. Bxd5+ Rxd5 31. Rxe8 Kxe8 32. Rxa4 Kd7 33. Kf2 Bb7 34. N2f3 Ke7 35. Rb4 Rc5 36. Nh4 Kf6 37. Rb6 Rd5 38. Nhf3 g5 39. Nb5 Bc6 40. Nfd4 Bxb5 41. Nxb5 Nc4 1/2-1/2

[Event "Regionalliga NO 1213"]
[Site "Bayern"]
[Date "2012.10.14"]
[Round "1.1"]
[White "Leopold, Christian"]
[Black "Priborsky, Jan"]
[Result "0-1"]
[WhiteElo "2080"]
[BlackElo "2351"]
[PlyCount "118"]
[EventDate "2012.10.14"]
[EventType "team-tourn"]
[EventRounds "9"]
[EventCountry "GER"]
[SourceTitle "EXT 2015"]
[Source "ChessBase"]
[SourceDate "2014.11.20"]
[SourceVersion "1"]
[SourceVersionDate "2014.11.20"]
[SourceQuality "1"]
[WhiteTeam "Lauf"]
[BlackTeam "Bad Koetzting"]
[WhiteTeamCountry "GER"]
[BlackTeamCountry "GER"]

1. e4 c5 2. Nc3 Nc6 3. g3 g6 4. Bg2 Bg7 5. d3 d6 6. Be3 e6 7. Qd2 Rb8 8. Nge2 Nd4 9. 0-0 b5 10. Nc1 b4 11. Nd1 Ne7 12. c3 bxc3 13. bxc3 Ndc6 14. Bh6 0-0 15. Bxg7 Kxg7 16. Ne3 Ba6 17. Ne2 Qa5 18. f4 e5 19. f5 f6 20. fxg6 hxg6 21. Rac1 Qa3 22. Rc2 c4 23. d4 exd4 24. Nxd4 Nxd4 25. Qxd4 Nc6 26. Qd2 Ne5 27. Qd4 Nc6 28. Qd2 Qc5 29. Kh1 Ne5 30. Nd5 Rh8 31. Qf4 Rbf8 32. Rd2 Bc8 33. Rd4 Ng4 34. h3 Ne5 35. Nxf6 Rf7 36. Rd5 Qc7 37. Qg5 Qe7 38. Ne8+ Rxe8 39. Qxe7 Rexe7 40. Rxd6 Rxf1+ 41. Bxf1 Re6 42. Rxe6 Bxe6 43. Kg2 Kf6 44. Kf2 Nf7 45. Ke3 Ke5 46. h4 Nd6 47. Bg2 Bg4 48. Bh1 Bd1 49. Bg2 Bc2 50. Bf3 Bxe4 51. Be2 Nf5+ 52. Kf2 Bd5 53. h5 g5 54. g4 Nh6 55. Kg3 a5 56. Bd1 Be6 57. Bf3 Bf7 58. Bb7 Bd5 59. Bc8 Ke4 0-1

[Event "CZE-chT1W 1112"]
[Site "Czech Republic"]
[Date "2012.04.01"]
[Round "11.3"]
[White "Priborsky, Jan"]
[Black "Kubecka, David"]
[Result "1/2-1/2"]
[WhiteElo "2351"]
[BlackElo "2256"]
[PlyCount "114"]
[EventDate "2011.10.02"]
[EventType "team-tourn"]
[EventRounds "11"]
[EventCountry "CZE"]
[SourceTitle "EXT 2013"]
[Source "ChessBase"]
[SourceDate "2012.11.22"]
[SourceVersion "1"]
[SourceVersionDate "2012.11.22"]
[SourceQuality "1"]
[WhiteTeam "Postovni sporitelna"]
[BlackTeam "Praha Oaza"]
[WhiteTeamCountry "CZE"]
[BlackTeamCountry "CZE"]

1. e4 e5 2. Nf3 Nc6 3. Bb5 a6 4. Ba4 d6 5. c3 Bd7 6. d4 Nf6 7. d5 Nb8 8. Bxd7+ Nbxd7 9. Nfd2 g6 10. c4 Bh6 11. Nc3 Nc5 12. Qe2 a5 13. b3 c6 14. 0-0 0-0 15. Rb1 Qe7 16. a3 Rfc8 17. g3 Ncd7 18. f3 cxd5 19. exd5 Ne8 20. f4 f5 21. Nf3 e4 22. Nd4 Bg7 23. Be3 Nc5 24. g4 Qf7 25. gxf5 gxf5 26. Kh1 h6 27. Rg1 Kh7 28. Rg2 Nc7 29. Rbg1 Rg8 30. Ncb5 Bxd4 31. Bxd4 Nxb5 32. Rg7+ Rxg7 33. Rxg7+ Qxg7 34. Bxg7 Kxg7 35. cxb5 Rg8 36. Qh5 Rf8 37. Kg2 Nxb3 38. b6 Nc5 39. Kf2 a4 40. Ke3 Nd7 41. Qd1 Nc5 42. h4 Rg8 43. Qh5 Rf8 44. Qd1 Kg6 45. Qg1+ Kf7 46. Qd1 Kg6 47. Qg1+ Kf7 48. Qd1 Kg7 49. Qh5 Kh7 50. Qd1 Rg8 51. Qh5 Rf8 52. Qd1 Rf7 53. Qh5 Kg7 54. Qd1 Kg6 55. Qg1+ Kh7 56. Qd1 Rf8 57. Qh5 Kg7 1/2-1/2

[Event "Landesliga Nord 1112"]
[Site "Bayern"]
[Date "2011.12.11"]
[Round "4.1"]
[White "Priborsky, Jan"]
[Black "Loew, Gerald"]
[Result "1/2-1/2"]
[WhiteElo "2351"]
[BlackElo "2221"]
[PlyCount "97"]
[EventDate "2011.10.02"]
[EventType "team-tourn"]
[EventRounds "9"]
[EventCountry "GER"]
[SourceTitle "EXT 2013"]
[Source "ChessBase"]
[SourceDate "2012.11.22"]
[SourceVersion "1"]
[SourceVersionDate "2012.11.22"]
[SourceQuality "1"]
[WhiteTeam "Bad Koetzting"]
[BlackTeam "Bindlach II"]
[WhiteTeamCountry "GER"]
[BlackTeamCountry "GER"]

1. e4 c5 2. Nf3 g6 3. d4 cxd4 4. Qxd4 Nf6 5. e5 Nc6 6. Qa4 Nd5 7. Qe4 Nb6 8. Nc3 d5 9. exd6 Bf5 10. Qh4 Qxd6 11. Nb5 Qb4+ 12. Bd2 Qxh4 13. Nxh4 0-0-0 14. Nxf5 gxf5 15. 0-0-0 a6 16. Nc3 Bg7 17. g3 Ne5 18. Bg5 Rxd1+ 19. Nxd1 f6 20. Bd2 Nf3 21. Ba5 Bh6+ 22. Ne3 Nd5 23. Kd1 Nxe3+ 24. fxe3 Ne5 25. Bb6 Nd7 26. Bd4 e5 27. Bc3 Bxe3 28. Bh3 f4 29. Ke2 Kc7 30. Rd1 Nb8 31. Bf5 h5 32. Bb4 Nc6 33. Rd7+ Kb6 34. c3 Rg8 35. a4 a5 36. Bd6 fxg3 37. hxg3 Rxg3 38. Be4 Bc1 39. Bc7+ Ka6 40. b4 axb4 41. cxb4 Re3+ 42. Kd1 Rxe4 43. b5+ Ka7 44. bxc6 Rc4 45. cxb7 Kxb7 46. Bxe5+ Kc8 47. Rd4 Rxd4+ 48. Bxd4 Bg5 49. Bxf6 1/2-1/2

[Event "Landesliga Nord 1112"]
[Site "Bayern"]
[Date "2011.11.20"]
[Round "3.1"]
[White "Kreuzer, Martin"]
[Black "Priborsky, Jan"]
[Result "1-0"]
[WhiteElo "2335"]
[BlackElo "2351"]
[PlyCount "79"]
[EventDate "2011.10.02"]
[EventType "team-tourn"]
[EventRounds "9"]
[EventCountry "GER"]
[SourceTitle "EXT 2013"]
[Source "ChessBase"]
[SourceDate "2012.11.22"]
[SourceVersion "1"]
[SourceVersionDate "2012.11.22"]
[SourceQuality "1"]
[WhiteTeam "Kelheim"]
[BlackTeam "Bad Koetzting"]
[WhiteTeamCountry "GER"]
[BlackTeamCountry "GER"]

1. d4 g6 2. e4 Bg7 3. c3 c6 4. Nf3 d5 5. exd5 cxd5 6. Bd3 Nf6 7. 0-0 0-0 8. Bf4 Nc6 9. h3 Be6 10. Re1 Ne8 11. Nbd2 Qd7 12. Nb3 b6 13. Bb5 Qb7 14. Ng5 Nd8 15. Nd2 Nd6 16. Bf1 Bc8 17. g4 f6 18. Ngf3 N6f7 19. Bg2 Nc6 20. Nf1 Qd7 21. Ne3 e5 22. dxe5 fxe5 23. Bg3 Rd8 24. Bh4 e4 25. Ng5 Nfe5 26. Nxh7 Kxh7 27. Bxd8 Qxd8 28. Nxd5 Nd3 29. Rxe4 Qxd5 30. Re3 Qxg2+ 31. Kxg2 Nf4+ 32. Kg3 g5 33. Qd6 Bb7 34. Qc7 Rb8 35. Rd1 Ba8 36. Rd7 Rg8 37. Re8 Nd5 38. Rxg8 Nxc7 39. Rdxg7+ Kh6 40. Rxc7 1-0

[Event "CZE-chT1W 1112"]
[Site "Czech Republic"]
[Date "2011.11.13"]
[Round "3.4"]
[White "Priborsky, Jan"]
[Black "Spacek, Petr"]
[Result "1/2-1/2"]
[WhiteElo "2351"]
[BlackElo "2398"]
[PlyCount "24"]
[EventDate "2011.10.02"]
[EventType "team-tourn"]
[EventRounds "11"]
[EventCountry "CZE"]
[SourceTitle "EXT 2012"]
[Source "ChessBase"]
[SourceDate "2011.11.24"]
[SourceVersion "1"]
[SourceVersionDate "2011.11.24"]
[SourceQuality "1"]
[WhiteTeam "Postovni sporitelna"]
[BlackTeam "Lysa nad Labem II"]
[WhiteTeamCountry "CZE"]
[BlackTeamCountry "CZE"]

1. e4 d6 2. d4 Nf6 3. Nc3 e5 4. Nf3 Nbd7 5. Bc4 Be7 6. 0-0 0-0 7. Re1 c6 8. a4 a5 9. b3 Qc7 10. Bb2 Nb6 11. Be2 Re8 12. Qd2 Bg4 1/2-1/2

[Event "CZE-chT1W 1112"]
[Site "Czech Republic"]
[Date "2011.10.02"]
[Round "1.5"]
[White "Cesal, Jaroslav"]
[Black "Priborsky, Jan"]
[Result "1/2-1/2"]
[WhiteElo "2211"]
[BlackElo "2351"]
[PlyCount "156"]
[EventDate "2011.10.02"]
[EventType "team-tourn"]
[EventRounds "11"]
[EventCountry "CZE"]
[SourceTitle "EXT 2012"]
[Source "ChessBase"]
[SourceDate "2011.11.24"]
[SourceVersion "1"]
[SourceVersionDate "2011.11.24"]
[SourceQuality "1"]
[WhiteTeam "Kozolupy"]
[BlackTeam "Postovni sporitelna"]
[WhiteTeamCountry "CZE"]
[BlackTeamCountry "CZE"]

1. d4 Nf6 2. Nf3 g6 3. g3 c5 4. dxc5 Na6 5. Be3 Qc7 6. Bf4 Qxc5 7. c3 d6 8. Bg2 Bg7 9. Nbd2 0-0 10. Rc1 e5 11. Be3 Qc7 12. h3 Be6 13. Ng5 Bd7 14. Nge4 Nd5 15. Bg5 Bc6 16. c4 Ne7 17. Bxe7 Qxe7 18. 0-0 f5 19. Nc3 e4 20. Nb3 Qf7 21. Na5 Be5 22. Qd2 Rae8 23. Nd5 Qg7 24. b4 Nc7 25. Nxc7 Qxc7 26. b5 e3 27. Bd5+ Kh8 28. fxe3 Bxd5 29. cxd5 Qb6 30. Kg2 Bf6 31. Nc4 Qd8 32. Qb4 Be5 33. Nxe5 Rxe5 34. Qd4 b6 35. Rc6 Kg8 36. Rfc1 Rfe8 37. R1c3 Re4 38. Qd2 Qg5 39. Rc8 h5 40. Rxe8+ Rxe8 41. Qd4 Re5 42. Kf3 h4 43. Qxh4 Qxh4 44. gxh4 Rxd5 45. Rc8+ Kf7 46. Rc7+ Ke6 47. a4 a6 48. bxa6 Ra5 49. Rc4 Rxa6 50. Kf4 Ra5 51. Rb4 Kf6 52. e4 fxe4 53. Kxe4 Ke6 54. Kd4 Rh5 55. Kd3 Kd7 56. Rg4 Kc6 57. Ke4 Re5+ 58. Kd3 b5 59. axb5+ Rxb5 60. Rxg6 Rb3+ 61. Ke4 Rxh3 62. Rg4 Kd7 63. Kd5 Ke7 64. Re4+ Kd7 65. Ra4 Ke7 66. Ra7+ Kf6 67. Kxd6 Rxh4 68. Kd5 Rh2 69. Ra6+ Ke7 70. e4 Rd2+ 71. Ke5 Rh2 72. Ra7+ Ke8 73. Kd5 Rh5+ 74. e5 Rh6 75. Rg7 Ra6 76. Rc7 Rh6 77. Rc8+ Kd7 78. Ra8 Ke7 1/2-1/2

[Event "Landesliga Nord 1011"]
[Site "Bayern"]
[Date "2011.03.20"]
[Round "8.1"]
[White "Priborsky, Jan"]
[Black "Kraft, Volker"]
[Result "0-1"]
[WhiteElo "2351"]
[BlackElo "2406"]
[PlyCount "70"]
[EventDate "2010.10.10"]
[EventType "team-tourn"]
[EventRounds "9"]
[EventCountry "GER"]
[SourceTitle "EXT 2012"]
[Source "ChessBase"]
[SourceDate "2011.11.24"]
[SourceVersion "1"]
[SourceVersionDate "2011.11.24"]
[SourceQuality "1"]
[WhiteTeam "Koetzting"]
[BlackTeam "Zirndorf"]
[WhiteTeamCountry "GER"]
[BlackTeamCountry "GER"]

1. e4 e5 2. Nf3 Nc6 3. Bb5 f5 4. d3 fxe4 5. dxe4 Nf6 6. Nc3 Bc5 7. 0-0 d6 8. Qd3 0-0 9. Na4 Bb6 10. Nxb6 axb6 11. Be3 Kh8 12. Nd2 Ng4 13. f3 Nb4 14. Qc3 Nxe3 15. Qxb4 Nxc2 16. Qc3 Nxa1 17. Rxa1 c6 18. Bc4 b5 19. Bb3 Qb6+ 20. Kh1 Rf6 21. Nf1 Qf2 22. Rd1 Bg4 23. Ng3 Rxf3 24. Qe1 Raf8 25. Rc1 Qxe1+ 26. Rxe1 Rd3 27. h3 Rxg3 28. hxg4 Rxg4 29. Be6 Rgf4 30. Kh2 R8f6 31. Bh3 g5 32. Bf5 Kg7 33. b4 R6xf5 34. exf5 Rxb4 35. Re2 Kf6 0-1